01413nam a2200133 a 4500008004100000100001800041245004200059250001100101260003400112300001100146500007700157505103300234655001201267161215t1969 ag |||g |||| 001 0 spa d1 aArlt, Roberto 3aEl criador de gorilas /cRoberto Arlt a1a ed. aBuenos Aires:bFabril;c1969. a189 p. aArlt, R. (1969). El criador de gorilas. (1a ed.). Buenos Aires : Fabril. aEn la narrativa de Roberto Arlt, El criador de gorilas, colección de cuentos aparecidos en "Mundo Argentino" y "El Hogar" entre los años 1936 y 1937, se aparta de la linea habitual del genial creador por el marco de la acción y la temática. Inspirados en un viaje a Marruecos, Arlt ha dicho que en ellos se propuso "exaltar la maravillosa fiesta de colorido que deslumbra al turista en cuanto pone los pies allí". Pero si hasta el lenguaje arltiano varia en este libro y se impregna de sentencias orientales, si el fatalismo musulmán corre a lo largo de los relatos como irreversible fuerza, si el primitivismo de los indígenas surge como una constante que aleja al escritor del complicado intelectualismo de sus historias porteñas, si África satura la narración con sus tonos violentos, de esencial crueldad en el color y en las acciones, subsiste en toda la obra el pensamiento fundamental de Arlt: "la preocupación de sus personajes por alcanzar la felicidad y labrar en cambio la propia catástrofe".  aCuentos